000 00804cam a2200217 4500
001 sa 68018824
003 DLC
005 20260227112714.0
008 710716s1968 ii 00000 eng
010 _asa 68018824 //r84
025 _aPL480:I-F-E-133
050 0 _aVM301.H48
_bI47
110 1 0 _aIndia.
_bParliament.
_bCommittee on Public Undertakings.
245 0 0 _aAction taken by Government on the recommendations contained in the thirty-seventh Report of the Committee on Public Undertakings
_b(third Lok Sabha) Hindustan Shipyard Ltd., Ministry of Shipping and Transport.
260 0 _aNew Delhi,
_bLok Sabha Secretariat,
_c1968.
300 _av, 44 p.
_c23 cm.
350 _aRs0.70
490 0 _aIts Report, 4th Lok Sabha, 29
500 _aCover title.
610 2 0 _aHindustan Shipyard Limited.
999 _c88665
_d88665